000 00448nam a2200193Ia 4500
003 OSt
005 20251128092014.0
008 250729s1996 xx 000 0 und d
020 _a978-1570753725
040 _cAL
041 _aeng
082 _a200 DESC
100 _aDerrochers John
_9225179
245 _aChrist the liberator
260 _aBangalore
_c1996
300 _a296p
650 _aThought & Religion
_9225180
942 _2ddc
_cBED
999 _c236786
_d236786